000 00188 a2200097 4500
020 _a9780316228589
041 _aeng
100 _aRowling J.K.
245 _aThe casual vacancy
942 _cBK
999 _c10893
_d10893